[Event "XV Mitropa Cup"]
[Site "Bad Woerishofen GER"]
[Date "1993.01.??"]
[Round "1.4"]
[White "Iannaccone, Ernesto"]
[Black "Bosboom, Manuel"]
[Result "1/2-1/2"]
[WhiteElo "2385"]
[BlackElo "2425"]
[Annotator "ITA-NED"]
[PlyCount "67"]
[EventDate "1993.01.??"]

1. d4 Nf6 2. c4 d6 3. Nf3 g6 4. Nc3 Bg7 5. e4 O-O 6. Be2 Nbd7 7. Be3 e5 8. O-O
b6 9. Qc2 exd4 10. Nxd4 Bb7 11. Rad1 Re8 12. f3 c6 13. Qd2 Qc7 14. Rfe1 Rad8
15. Bf1 a6 16. a3 b5 17. cxb5 axb5 18. Qf2 Qb8 19. h3 Ne5 20. b3 Ba8 21. Nc2
Nh5 22. f4 Nd7 23. Bd4 Bxd4 24. Nxd4 b4 25. axb4 Qxb4 26. Na2 Qa3 27. b4 Nxf4
28. Qxf4 Qxa2 29. Qxd6 Qa7 30. Ra1 Qb7 31. Nf3 Qb6+ 32. Kh1 Bb7 33. Qf4 c5 34.
Bc4 1/2-1/2

[Event "XV Mitropa Cup"]
[Site "Bad Woerishofen GER"]
[Date "1993.01.??"]
[Round "3.2"]
[White "Wittmann, Walter"]
[Black "Braga, Fernando Alberto"]
[Result "1/2-1/2"]
[WhiteElo "2400"]
[BlackElo "2435"]
[Annotator "ITA-AUT"]
[PlyCount "41"]
[EventDate "1993.01.??"]

1. e4 c5 2. Nf3 Nc6 3. d4 cxd4 4. Nxd4 Nf6 5. Nc3 e5 6. Ndb5 d6 7. Bg5 a6 8.
Na3 b5 9. Nd5 Be7 10. Bxf6 Bxf6 11. c4 b4 12. Nc2 Rb8 13. g3 b3 14. axb3 Rxb3
15. Ncb4 Nd4 16. Nc6 Bg4 17. Qxg4 Nxc6 18. Bh3 O-O 19. Rxa6 Nb4 20. Nxb4 Rxb4
21. Qe2 1/2-1/2

[Event "XV Mitropa Cup"]
[Site "Bad Woerishofen GER"]
[Date "1993.01.??"]
[Round "5.1"]
[White "Garcia Palermo, Carlos Horacio"]
[Black "Stohl, Igor"]
[Result "1/2-1/2"]
[WhiteElo "2475"]
[BlackElo "2540"]
[Annotator "ITA-TCH"]
[PlyCount "64"]
[EventDate "1993.01.??"]

1. Nf3 d6 2. g3 g6 3. Bg2 Bg7 4. d4 Nf6 5. O-O O-O 6. Re1 Nc6 7. d5 Nb4 8. c4
Bf5 9. Na3 c6 10. Nd4 Bd7 11. Bd2 c5 12. Bxb4 cxb4 13. Nac2 Qb6 14. Qd2 a5 15.
Rad1 Qc5 16. b3 b5 17. Nxb5 Bxb5 18. cxb5 Nd7 19. Nd4 Bxd4 20. Qxd4 Qxd4 21.
Rxd4 Rfb8 22. e4 Rxb5 23. Bh3 Nc5 24. Bf1 Rb7 25. Bc4 a4 26. e5 axb3 27. Bxb3
Ra3 28. exd6 exd6 29. Re3 Kf8 30. h4 Ra8 31. g4 h6 32. g5 hxg5 1/2-1/2

[Event "XV Mitropa Cup"]
[Site "Bad Woerishofen GER"]
[Date "1993.01.??"]
[Round "6.2"]
[White "Braga, Fernando Alberto"]
[Black "Schlosser, Philipp"]
[Result "1-0"]
[WhiteElo "2435"]
[BlackElo "2520"]
[Annotator "ITA-GER"]
[PlyCount "65"]
[EventDate "1993.01.??"]

1. e4 c5 2. Nf3 Nc6 3. c3 d5 4. exd5 Qxd5 5. d4 Nf6 6. Be2 cxd4 7. cxd4 e6 8.
Nc3 Qd6 9. O-O Be7 10. Nb5 Qd8 11. Ne5 O-O 12. Nxc6 bxc6 13. Nc3 Nd5 14. Na4
Bf6 15. Bf3 Rb8 16. b3 Ba6 17. Re1 Bb5 18. Nc5 Nc3 19. Qc2 Bxd4 20. Bb2 Bxc5
21. Qxc3 Qf6 22. Qxf6 gxf6 23. Bxf6 Ba3 24. Re3 Rfc8 25. Be4 Rb7 26. Rg3+ Kf8
27. Bxh7 Ke8 28. Rd1 Bf8 29. Rg8 c5 30. h4 Rd7 31. Rxd7 Kxd7 32. Rxf8 Rxf8 33.
h5 1-0